000 01050cam a2200289 4500
001 J88793
008 090401t1996 xxu||||| |||| 00| 0 eng d
035 _a(Sirsi) u83183
041 _aeng
050 _a333.332
100 _aGronow, S.A.
245 2 _aA comparative study of residential valuation techniques and the development of a house value model and estimation system.
260 _aPontypridd,Mid Glamorgan
_bUniversity of Glamorgan
_c1996
300 _a4,16 leaves ; 30cm.
350 _a0
520 _aReport submitted to the Economic and Social Research Council in respect of a Realising Our Potential Award, December 1996 for the Centre for Research in the Built Environment, Division of Maths and Computing, University of Glamorgan.
650 _aHOUSE VALUE MODEL
650 _aRESIDENTIAL VALUATION
650 _aVALUATION TECHNIQUES
690 _aRATING AND VALUATION
700 _aWare, J.A.
700 _aJenkins, D.H.
700 _aLewis, O.M.
700 _aAlmond, N.I.
942 _n0
948 _c20/01/1998
999 _c96872
_d96872